| 000 | 00610nam a2200205Ia 4500 | ||
|---|---|---|---|
| 003 | 0 | ||
| 005 | 20250819105503.0 | ||
| 008 | 191129s9999 xx 000 0 und d | ||
| 020 | _a0-00-714637-X | ||
| 050 |
_aPZ 7 _b.Al43912Ci 2004 |
||
| 100 | _aAllende, Isabel | ||
| 245 |
_aCity of beasts / _cIsabel Allende. |
||
| 260 |
_aLondon : _bHarper Perennial, _c2004. |
||
| 300 |
_a406 pages ; _c20 cm. |
||
| 650 |
_aSupernatural _xFiction. |
||
| 650 |
_aIndians of South America _xAmazon River Valley _vFiction. |
||
| 650 |
_aGrandmothers _xFiction. |
||
| 650 |
_aAmazon River Valley _xFiction. |
||
| 942 |
_2lcc _cBK |
||
| 999 |
_c362789 _d362789 |
||